| 000 | 00876nam a2200277Ia 4500 | ||
|---|---|---|---|
| 001 | 21869 | ||
| 005 | 20260320113320.0 | ||
| 008 | 260320s9999||||xx |||||||||||||| ||und|| | ||
| 020 | _a9789706867766 | ||
| 041 | _aESP | ||
| 082 |
_a658.4038011 _bO99 |
||
| 100 |
_aOz, Effy, _eAUT |
||
| 245 | 0 |
_aAdministración de los sistemas de información _b |
|
| 246 |
_a _5 _b |
||
| 250 | _aQuinta edición | ||
| 260 |
_aMéxico D. F. : _bCengage Learning, _c2008 |
||
| 300 |
_axxxi, 527 páginas : _bfiguras ; _c27 cm. _e |
||
| 440 |
_a _n _v |
||
| 500 | _aNo tiene portada / Datos extraídos de Worldcat | ||
| 650 | _aTCA | ||
| 653 | _aAdministración; Gestión de la información | ||
| 654 | _aCAN | ||
| 700 |
_a _c |
||
| 856 |
_uhttps://login.ucsp.lookproxy.com/login?url=https://ebooks7-24.com/?aeds=1 _zVéase además: Base de datos Ebook7-24 |
||
| 942 |
_cLIB _dJUS _fTRC _2ddc _n |
||
| 999 |
_c21869 _d21869 |
||